000 00311nam a2200133 a 4500
005 20140414131926.0
008 101027s19uu xx 00 eng d
050 _aER
_bC43 2005
100 _aPhilipps, Elizabeth
245 _aChicken Little.
260 _bDisney,
_c2005.
999 _c112004
_d112004